| 000 | 00939nas a2200313 4500 | ||
|---|---|---|---|
| 001 | BR0902949 | ||
| 003 | BR-BrBNA | ||
| 005 | 20231205113422.0 | ||
| 007 | ta | ||
| 008 | 230509b bl.|||p| |||| 00| 00por d | ||
| 040 |
_aBR-BrBNA _bpor _cBiblioteca Nacional de Agricultura |
||
| 041 | _a(Pt) | ||
| 072 | _aF04; F08 | ||
| 100 | 1 | _aBragança, S.M. | |
| 100 | 1 | _aSilva, E.B. | |
| 100 | 1 | _aMartins, A.G. | |
| 100 | 1 | _aSantos, L.P. | |
| 100 | 1 | _aVolpi, P.S. | |
| 245 | 1 | _aResposta do cafeeiro Conilon à adubação de NPK em sistema de plantio adensado | |
| 650 | _aCAFÉ | ||
| 650 | _aRESPOSTA DA PLANTA | ||
| 650 | _aESPAÇAMENTO | ||
| 650 | _aADUBAÇÃO | ||
| 650 | _aSISTEMA DE CULTIVO | ||
| 773 | 0 |
_tCoffee Science (Brazil) _xISSN 1809-6875 _g(Jan-Jun 2009), v. 4(1) p. 67-75 _wBR0902949 |
|
| 856 | 4 | 0 | _uhttp://www.aprh.pt/rgci/pdf/rgci-155_Borges.pdf |
| 909 |
_a202311 _bLúcia _c55 _dLúcia Elande |
||
| 942 |
_2AGRIS _n0 _cANA |
||
| 999 |
_c203672 _d203672 |
||